[Event "Titled Tuesday intern op 5th May"]
[Site "Chess.com INT"]
[Date "2020.05.05"]
[Round "7"]
[White "Smith, Ricando"]
[Black "Song, Terry"]
[Result "0-1"]
[WhiteElo "2265"]
[BlackElo "1920"]
[PlyCount "64"]
[EventDate "2020.05.05"]
[EventType "swiss (blitz)"]
[EventRounds "10"]
[EventCountry "USA"]
[SourceTitle "EXT 2021"]
[Source "ChessBase"]
[SourceDate "2020.10.23"]
[SourceVersion "1"]
[SourceVersionDate "2020.10.23"]
[SourceQuality "1"]

1. c4 c5 2. Nc3 g6 3. g3 Bg7 4. Bg2 d6 5. a3 Nf6 6. b4 h5 7. h3 Nc6 8. Rb1 Bd7 9. bxc5 dxc5 10. Rxb7 0-0 11. Nf3 h4 12. Nxh4 e5 13. d3 Nd4 14. Bg5 Qc8 15. e3 Bc6 16. Rb2 Bxg2 17. Nxg2 Qc6 18. Kf1 Nf3 19. Bxf6 Bxf6 20. Ne4 Ng5 21. Nxf6+ Qxf6 22. Ne1 e4 23. Rb5 Rab8 24. Rxc5 Rb2 25. Rh2 Rfb8 26. h4 Nf3 27. Nxf3 exf3 28. Rb5 R8xb5 29. cxb5 Rxb5 30. Qc1 Rb2 31. d4 Qb6 32. Qc8+ Kg7 0-1

[Event "Titled Tuesday intern op 21st April"]
[Site "Chess.com INT"]
[Date "2020.04.21"]
[Round "2"]
[White "Song, Terry"]
[Black "Peatman, Carter F"]
[Result "0-1"]
[WhiteElo "1920"]
[BlackElo "1963"]
[PlyCount "104"]
[EventDate "2020.04.21"]
[EventType "swiss (blitz)"]
[EventRounds "10"]
[EventCountry "USA"]
[SourceTitle "EXT 2021"]
[Source "ChessBase"]
[SourceDate "2020.10.23"]
[SourceVersion "1"]
[SourceVersionDate "2020.10.23"]
[SourceQuality "1"]

1. d4 d5 2. Bg5 Nf6 3. Bxf6 exf6 4. e3 c6 5. c4 Bd6 6. cxd5 cxd5 7. Nc3 Bb4 8. Bd3 f5 9. Nge2 Nc6 10. 0-0 0-0 11. Rc1 Be6 12. Nf4 a6 13. a3 Be7 14. b4 Rc8 15. Qb3 Bg5 16. Ncxd5 Bxf4 17. Bc4 Bb8 18. g3 b5 19. Nf4 Bxc4 20. Rxc4 bxc4 21. Qc3 Ne7 22. Qc2 Bxf4 23. gxf4 Qd5 24. f3 Rfd8 25. Kf2 a5 26. Rg1 g6 27. h4 axb4 28. axb4 c3 29. h5 Qc4 30. Kg3 Ra8 31. hxg6 fxg6 32. Qh2 Nd5 33. Qh6 Rd7 34. b5 Qxb5 35. Kh4 Rg7 36. Qg5 Qb7 37. Kh3 Qe7 38. Qg3 Qxe3 39. Re1 Qxf4 40. Qf2 Qd2 41. Re2 Qxe2 42. Qg3 c2 43. Qd6 Qe7 44. Qxd5+ Rf7 45. Qxa8+ Kg7 46. Qc8 Qc7 47. Qe6 c1Q 48. f4 Qh1+ 49. Kg3 Qc3+ 50. Qe3 Qf3+ 51. Qxf3 Qxf3+ 52. Kh4 Qg4# 0-1

[Event "Titled Tuesday intern op 14th April"]
[Site "Chess.com INT"]
[Date "2020.04.14"]
[Round "2"]
[White "Petrosyan, Manuel"]
[Black "Song, Terry"]
[Result "0-1"]
[WhiteElo "2607"]
[BlackElo "1920"]
[PlyCount "108"]
[EventDate "2020.04.14"]
[EventType "swiss (blitz)"]
[EventRounds "10"]
[EventCountry "USA"]
[SourceTitle "EXT 2021"]
[Source "ChessBase"]
[SourceDate "2020.10.23"]
[SourceVersion "1"]
[SourceVersionDate "2020.10.23"]
[SourceQuality "1"]

1. d4 Nf6 2. c4 c5 3. d5 b5 4. cxb5 a6 5. b6 g6 6. Nc3 Bg7 7. Nf3 d6 8. a4 Qxb6 9. a5 Qa7 10. Nd2 0-0 11. Nc4 Nbd7 12. e4 Rb8 13. Be2 Ne8 14. 0-0 Nc7 15. Bg5 Re8 16. Qd2 Nb5 17. Bh6 Bh8 18. Bd1 Nd4 19. Ba4 Rb4 20. Nb6 Rd8 21. Bg5 f6 22. Bf4 Nxb6 23. axb6 Qxb6 24. Ra2 a5 25. Rfa1 Ba6 26. Qe1 Rb8 27. h3 Bc4 28. Ra3 Rxb2 29. Bd1 Ra8 30. Na4 Qb4 31. Qe3 Rb1 32. Kh2 Rb8 33. Rxb1 Qxb1 34. Bg4 Qf1 35. Nc3 Rb2 36. Bg3 Nc2 37. Be6+ Kg7 38. Qf4 Nxa3 39. e5 dxe5 40. Qh4 Rb3 41. Ne4 Rb1 42. Bxe5 Qg1+ 43. Kg3 Rb3+ 44. f3 Qe1+ 45. Nf2 Qxe5+ 46. Qf4 Qxf4+ 47. Kxf4 a4 48. Ne4 Nb5 49. Nxc5 a3 50. d6 Nxd6 51. Bxc4 Nxc4 52. Nxb3 a2 53. Ke4 Nd2+ 54. Nxd2 a1Q 0-1

[Event "Titled Tuesday intern op 5th Nov"]
[Site "Chess.com INT"]
[Date "2019.11.05"]
[Round "1"]
[White "Sadhwani, Raunak"]
[Black "Song, Terry"]
[Result "1/2-1/2"]
[WhiteElo "2507"]
[BlackElo "1920"]
[PlyCount "132"]
[EventDate "2019.11.05"]
[EventType "swiss (blitz)"]
[EventRounds "10"]
[EventCountry "USA"]
[SourceTitle "EXT 2021"]
[Source "ChessBase"]
[SourceDate "2020.10.23"]
[SourceVersion "1"]
[SourceVersionDate "2020.10.23"]
[SourceQuality "1"]

1. c4 Nf6 2. Nc3 g6 3. e4 d6 4. d4 Bg7 5. Nf3 0-0 6. Be2 c5 7. 0-0 Nc6 8. d5 Nb8 9. Ne1 b5 10. cxb5 a6 11. f3 axb5 12. Bxb5 Ba6 13. Nc2 Qa5 14. Bxa6 Qxa6 15. Be3 Nbd7 16. Qd2 Rfb8 17. Rab1 Ne5 18. b3 Qd3 19. Qxd3 Nxd3 20. Rfd1 Nb4 21. Nxb4 Rxb4 22. Rdc1 Nd7 23. Na4 Ne5 24. Bd2 Rb7 25. Bc3 Nd3 26. Rd1 Rxa4 27. Bxg7 Rxa2 28. Bh6 Nb4 29. e5 dxe5 30. d6 exd6 31. Rxd6 Rb8 32. Rbd1 f5 33. Rd7 Kh8 34. Bg7+ Kg8 35. Bh6 Kh8 36. Bg7+ Kg8 37. Bxe5 Re8 38. f4 Nc6 39. Rg7+ Kf8 40. Rxh7 Nxe5 41. fxe5 Re2 42. Rd6 R8xe5 43. Rxg6 Re1+ 44. Kf2 R5e2+ 45. Kg3 Rg1 46. Kf3 Rb2 47. Rgg7 Rxb3+ 48. Kf4 c4 49. Rc7 Kg8 50. Rhg7+ Kh8 51. Rh7+ Kg8 52. Rhg7+ Kh8 53. Rge7 Rxg2 54. Re8+ Rg8 55. Re6 Rh3 56. Kxf5 Rxh2 57. Rxc4 Rf2+ 58. Ke5 Re2+ 59. Kd6 Rd8+ 60. Ke7 Rxe6+ 61. Kxe6 Rd3 62. Rf4 Kg7 63. Rg4+ Kh6 64. Kf6 Rf3+ 65. Ke5 Kh5 66. Rg2 Rf8 1/2-1/2

[Event "Titled Tuesday intern op 5th Nov"]
[Site "Chess.com INT"]
[Date "2019.11.05"]
[Round "2"]
[White "Song, Terry"]
[Black "Grigoriants, Sergey"]
[Result "1-0"]
[WhiteElo "1920"]
[BlackElo "2543"]
[PlyCount "101"]
[EventDate "2019.11.05"]
[EventType "swiss (blitz)"]
[EventRounds "10"]
[EventCountry "USA"]
[SourceTitle "EXT 2021"]
[Source "ChessBase"]
[SourceDate "2020.10.23"]
[SourceVersion "1"]
[SourceVersionDate "2020.10.23"]
[SourceQuality "1"]

1. e4 c5 2. Nc3 Nc6 3. f4 e6 4. Nf3 d5 5. Bb5 Nge7 6. exd5 exd5 7. Qe2 a6 8. Bxc6+ bxc6 9. b3 f6 10. Ba3 Kf7 11. Bxc5 Ng6 12. Be3 c5 13. d4 cxd4 14. Nxd4 Bb4 15. Qd3 Qc7 16. Nde2 Rd8 17. 0-0-0 Bg4 18. h3 Bxe2 19. Nxe2 Rac8 20. Kb1 a5 21. a4 Kg8 22. Bc1 d4 23. g3 Ne7 24. Bb2 Nc6 25. Qc4+ Kh8 26. Nxd4 Nxd4 27. Qxc7 Rxc7 28. Rxd4 Rdc8 29. c4 h5 30. g4 Re8 31. Rh2 Re3 32. Ka2 Kh7 33. Rd5 hxg4 34. hxg4+ Kg6 35. f5+ Kf7 36. g5 fxg5 37. Rh7 Bc3 38. Bxc3 Rxc3 39. Rxa5 g4 40. Rh4 g3 41. Rg4 Re7 42. Ka3 Kf6 43. Rg6+ Kf7 44. Rb5 Rf3 45. a5 Rxf5 46. Rxg3 Rf6 47. Ka4 Re1 48. Rbg5 g6 49. c5 Rf4+ 50. Kb5 Re6 51. R3g4 1-0

[Event "Titled Tuesday intern op 4th June"]
[Site "Chess.com INT"]
[Date "2019.06.04"]
[Round "9"]
[White "Abrahamyan, Tatev"]
[Black "Song, Terry"]
[Result "1-0"]
[WhiteElo "2385"]
[BlackElo "1920"]
[PlyCount "103"]
[EventDate "2019.06.04"]
[EventType "swiss (blitz)"]
[EventRounds "10"]
[EventCountry "USA"]
[SourceTitle "EXT 2021"]
[Source "ChessBase"]
[SourceDate "2020.10.23"]
[SourceVersion "1"]
[SourceVersionDate "2020.10.23"]
[SourceQuality "1"]

1. e4 c5 2. Nf3 d6 3. d4 cxd4 4. Nxd4 Nf6 5. Nc3 a6 6. Nb3 Nc6 7. f3 g6 8. Be3 Bg7 9. Qd2 Bd7 10. 0-0-0 Rc8 11. g4 Ne5 12. Be2 b5 13. g5 Nh5 14. Bd4 0-0 15. Kb1 a5 16. Nd5 a4 17. Bb6 Qe8 18. Nd4 e6 19. Ne3 Nf4 20. h4 a3 21. b3 d5 22. h5 Nxh5 23. Ng4 Nxg4 24. fxg4 Ng3 25. Bf3 dxe4 26. Qh2 Nxh1 27. Rxh1 h6 28. Bxe4 f5 29. gxf5 exf5 30. Bd5+ Kh8 31. gxh6 Be5 32. Qg2 Kh7 33. Nf3 Bf6 34. Re1 Be7 35. Ng5+ Bxg5 36. Rxe8 Rfxe8 37. Bf2 Re2 38. Qxg5 Rxf2 39. Qe7+ Kxh6 40. Qh4+ Kg7 41. Qxf2 b4 42. Qd4+ Kh6 43. Qxb4 g5 44. Qxa3 Be8 45. Qd6+ Kh5 46. Be6 Rc6 47. Qd1+ g4 48. Bxf5 Kg5 49. Qxg4+ Kf6 50. Be4 Ke5 51. Bxc6 Bxc6 52. Qg5+ 1-0

[Event "Titled Tuesday intern op 4th June"]
[Site "Chess.com INT"]
[Date "2019.06.04"]
[Round "1"]
[White "Song, Terry"]
[Black "Rakhmanov, Alexander"]
[Result "0-1"]
[WhiteElo "1920"]
[BlackElo "2615"]
[PlyCount "54"]
[EventDate "2019.06.04"]
[EventType "swiss (blitz)"]
[EventRounds "10"]
[EventCountry "USA"]
[SourceTitle "EXT 2021"]
[Source "ChessBase"]
[SourceDate "2020.10.23"]
[SourceVersion "1"]
[SourceVersionDate "2020.10.23"]
[SourceQuality "1"]

1. e4 c5 2. Nc3 Nc6 3. f4 e6 4. Nf3 Nge7 5. d4 d5 6. Bb5 a6 7. Bxc6+ Nxc6 8. dxc5 Bxc5 9. exd5 exd5 10. Qxd5 Qe7+ 11. Ne5 0-0 12. Ne4 Ba7 13. Bd2 Rd8 14. Nxc6 bxc6 15. Qe5 Qh4+ 16. g3 Qg4 17. Qg5 Qxg5 18. Nxg5 Re8+ 19. Kd1 Bg4+ 20. Kc1 h6 21. h3 Be2 22. Nxf7 Kxf7 23. a4 Bf3 24. Re1 Rxe1+ 25. Bxe1 Rd8 26. Bd2 Be3 27. Bxe3 Rd1# 0-1

[Event "Titled Tuesday intern op 6th Nov"]
[Site "Chess.com INT"]
[Date "2018.11.06"]
[Round "3"]
[White "Mladek, Richard"]
[Black "Song, Terry"]
[Result "1-0"]
[WhiteElo "2312"]
[BlackElo "1920"]
[PlyCount "111"]
[EventDate "2018.11.06"]
[EventType "swiss (blitz)"]
[EventRounds "10"]
[EventCountry "USA"]
[SourceTitle "EXT 2021"]
[Source "ChessBase"]
[SourceDate "2020.10.23"]
[SourceVersion "1"]
[SourceVersionDate "2020.10.23"]
[SourceQuality "1"]

1. e4 c5 2. Nf3 d6 3. Nc3 a6 4. a4 Nf6 5. Be2 e5 6. d3 Be7 7. 0-0 0-0 8. Nd2 Nc6 9. Nc4 b6 10. f4 Be6 11. Ne3 exf4 12. Ned5 Bxd5 13. exd5 Nd4 14. Bxf4 Re8 15. Bf3 b5 16. a5 Qd7 17. Bg5 h6 18. Bh4 Nf5 19. Bf2 Bd8 20. Qd2 Nh7 21. Ne4 Ng5 22. Bg4 Re5 23. Rae1 g6 24. Bg3 Kg7 25. Bxe5+ dxe5 26. Nxc5 Qxd5 27. Ne4 Nd4 28. Bd1 f5 29. Nc3 Qc5 30. Kh1 Bxa5 31. h4 Nge6 32. Qe3 Nf4 33. Qxe5+ Qxe5 34. Rxe5 Ra7 35. Rxf4 Nc6 36. Re6 Nd8 37. Re2 Nf7 38. Rf3 Bb6 39. Nd5 Bd4 40. c3 Bc5 41. d4 Bd6 42. Rfe3 g5 43. Re6 gxh4 44. Rf2 Bg3 45. Rxf5 a5 46. Bh5 Nd6 47. Rf1 a4 48. Nf4 a3 49. bxa3 Nc4 50. Rg6+ Kf7 51. Ne2+ Ke7 52. Rg7+ Kd6 53. Rxa7 h3 54. Nxg3 b4 55. Rf6+ Kd5 56. Bf3# 1-0

[Event "Titled Tuesday intern op 7th Aug"]
[Site "Chess.com INT"]
[Date "2018.08.07"]
[Round "5"]
[White "Korchmar, Vasiliy"]
[Black "Song, Terry"]
[Result "1-0"]
[WhiteElo "2415"]
[BlackElo "1920"]
[PlyCount "65"]
[EventDate "2018.08.07"]
[EventType "swiss (blitz)"]
[EventRounds "10"]
[EventCountry "USA"]
[SourceTitle "EXT 2021"]
[Source "ChessBase"]
[SourceDate "2020.10.23"]
[SourceVersion "1"]
[SourceVersionDate "2020.10.23"]
[SourceQuality "1"]

1. d4 Nf6 2. Nf3 c5 3. d5 b5 4. Bg5 Qb6 5. e3 a6 6. a4 Bb7 7. Bxf6 gxf6 8. Nc3 b4 9. Ne4 d6 10. a5 Qc7 11. Bc4 Nd7 12. 0-0 h5 13. c3 bxc3 14. bxc3 h4 15. h3 Bg7 16. Qe2 f5 17. Neg5 Bxc3 18. Rab1 Bf6 19. e4 f4 20. Rb3 Rg8 21. Rfb1 Ra7 22. Nh7 Bd4 23. Nxd4 cxd4 24. Qb2 Nc5 25. Qxd4 Nxb3 26. Qxa7 Nc5 27. Bxa6 Rg7 28. Bxb7 Nxb7 29. a6 Qc2 30. Qb8+ Nd8 31. Qb5+ Nc6 32. Qxc6+ Kd8 33. Rb8# 1-0

[Event "Titled Tuesday intern op 7th Aug"]
[Site "Chess.com INT"]
[Date "2018.08.07"]
[Round "4"]
[White "Song, Terry"]
[Black "Evchin, Maxim"]
[Result "1-0"]
[WhiteElo "1920"]
[BlackElo "2265"]
[PlyCount "73"]
[EventDate "2018.08.07"]
[EventType "swiss (blitz)"]
[EventRounds "10"]
[EventCountry "USA"]
[SourceTitle "EXT 2021"]
[Source "ChessBase"]
[SourceDate "2020.10.23"]
[SourceVersion "1"]
[SourceVersionDate "2020.10.23"]
[SourceQuality "1"]

1. d4 Nf6 2. Bg5 e6 3. e3 c5 4. c3 cxd4 5. exd4 d5 6. Bd3 Be7 7. Nd2 Qb6 8. Qb3 Qc7 9. f4 Nc6 10. Ngf3 h6 11. Bxf6 Bxf6 12. Ne5 0-0 13. 0-0 Ne7 14. g4 g6 15. Rae1 Bg7 16. h4 f5 17. Qd1 Kh7 18. Kh1 b6 19. Rg1 Bb7 20. h5 Bxe5 21. Rxe5 Rf6 22. g5 Rf7 23. hxg6+ Nxg6 24. Qh5 Nxe5 25. fxe5 Rg7 26. Nf3 Rh8 27. Nh4 Bc6 28. Nxf5 exf5 29. Bxf5+ Kg8 30. Be6+ Kf8 31. Rf1+ Ke7 32. Rf7+ Kxe6 33. Rxc7 Rxc7 34. Qg6+ Kd7 35. Qg7+ Kc8 36. Qxh8+ Kb7 37. gxh6 1-0

[Event "Titled Tuesday intern op 12th Dec"]
[Site "Chess.com INT"]
[Date "2017.12.12"]
[Round "2"]
[White "Song, Terry"]
[Black "Johnson, Frank B"]
[Result "1-0"]
[WhiteElo "1920"]
[BlackElo "2202"]
[PlyCount "73"]
[EventDate "2017.12.12"]
[EventType "swiss (blitz)"]
[EventRounds "10"]
[EventCountry "USA"]
[SourceTitle "EXT 2021"]
[Source "ChessBase"]
[SourceDate "2020.10.23"]
[SourceVersion "1"]
[SourceVersionDate "2020.10.23"]
[SourceQuality "1"]

1. e4 c5 2. Nc3 Nc6 3. f4 g6 4. Nf3 Bg7 5. Bb5 Nd4 6. 0-0 Nxb5 7. Nxb5 d5 8. exd5 a6 9. Nc3 Nf6 10. d4 c4 11. Qe2 Nxd5 12. Qxc4 Be6 13. Nxd5 Bxd5 14. Qd3 Bxf3 15. Qxf3 Qxd4+ 16. Kh1 Rb8 17. c3 Qb6 18. Re1 0-0 19. Re2 Rfd8 20. Be3 Qb5 21. Rae1 Rd7 22. Bf2 e6 23. a3 Rbd8 24. Bh4 Rc8 25. h3 Rd3 26. Qe4 Qc4 27. Qxb7 Bh6 28. Bg5 Bxg5 29. fxg5 Rcd8 30. Rf2 R3d7 31. Qf3 Qb5 32. Qf6 Qc6 33. Ref1 Rb8 34. h4 Rb5 35. h5 Qe4 36. Rf4 Qe2 37. h6 1-0

[Event "Titled Tuesday intern op 12th Dec"]
[Site "Chess.com INT"]
[Date "2017.12.12"]
[Round "9"]
[White "Song, Terry"]
[Black "Krienke, Makaio W"]
[Result "1-0"]
[WhiteElo "1920"]
[BlackElo "2148"]
[PlyCount "75"]
[EventDate "2017.12.12"]
[EventType "swiss (blitz)"]
[EventRounds "10"]
[EventCountry "USA"]
[SourceTitle "EXT 2021"]
[Source "ChessBase"]
[SourceDate "2020.10.23"]
[SourceVersion "1"]
[SourceVersionDate "2020.10.23"]
[SourceQuality "1"]

1. e4 e6 2. d4 d5 3. Nc3 Bb4 4. exd5 exd5 5. Bd3 Ne7 6. a3 Bxc3+ 7. bxc3 Nbc6 8. Ne2 Bf5 9. Nf4 Qd7 10. 0-0 0-0 11. Qh5 Na5 12. Re1 Bxd3 13. cxd3 Nb3 14. Ra2 Nxc1 15. Rxc1 c6 16. Re1 Ng6 17. Nxg6 hxg6 18. Qf3 Rfe8 19. Rae2 Rxe2 20. Qxe2 Kf8 21. h3 Re8 22. Qd2 Rxe1+ 23. Qxe1 Qd6 24. Qb1 b6 25. Qb3 Ke7 26. g3 Qe6 27. Kg2 Qe2 28. Qa4 Qxd3 29. Qxa7+ Ke6 30. Qxb6 Qxc3 31. a4 Kf5 32. a5 Ke4 33. Qb1+ Kxd4 34. a6 Qa5 35. Qb7 Kc5 36. a7 Qe1 37. a8Q Qe4+ 38. Kh2 1-0

[Event "Titled Tuesday intern op 7th Febr"]
[Site "Chess.com INT"]
[Date "2017.02.07"]
[Round "2"]
[White "Oberholzer, Francois"]
[Black "Song, Terry"]
[Result "0-1"]
[WhiteElo "2034"]
[BlackElo "1920"]
[PlyCount "103"]
[EventDate "2017.02.07"]
[EventType "swiss (blitz)"]
[EventRounds "9"]
[EventCountry "USA"]
[SourceTitle "EXT 2021"]
[Source "ChessBase"]
[SourceDate "2020.10.23"]
[SourceVersion "1"]
[SourceVersionDate "2020.10.23"]
[SourceQuality "1"]

1. e4 c5 2. b4 cxb4 3. a3 e6 4. axb4 d5 5. exd5 exd5 6. b5 Nf6 7. Nf3 Bd6 8. Bd3 Qe7+ 9. Qe2 Qxe2+ 10. Bxe2 0-0 11. 0-0 Re8 12. Bd3 Nbd7 13. Bb2 Nc5 14. Ba3 Nfe4 15. Be2 Bd7 16. d4 Ne6 17. Bxd6 Nxd6 18. Ne5 Bxb5 19. Bxb5 Nxb5 20. c3 Rac8 21. f4 f6 22. Nd3 a6 23. f5 Ng5 24. Nc5 Rc7 25. Nd2 Nxc3 26. Rfe1 Nce4 27. h4 Nf7 28. Ncxe4 dxe4 29. Rxe4 Rxe4 30. Nxe4 Rd7 31. Rd1 b6 32. Kf2 Nd6 33. Nxd6 Rxd6 34. Ke3 Kf7 35. Ke4 Ke7 36. Ra1 b5 37. g4 Rb6 38. Kd5 Kd7 39. Kc5 Rc6+ 40. Kd5 b4 41. g5 b3 42. Rb1 Rb6 43. Kc5 Rb8 44. d5 a5 45. d6 a4 46. Re1 b2 47. Re7+ Kd8 48. Rxg7 b1Q 49. Rg8+ Kd7 50. Rg7+ Kc8 51. d7+ Kc7 52. Kd5 0-1

[Event "Titled Tuesday intern op 7th Febr"]
[Site "Chess.com INT"]
[Date "2017.02.07"]
[Round "3"]
[White "Song, Terry"]
[Black "Blohberger, Felix"]
[Result "0-1"]
[WhiteElo "1920"]
[BlackElo "2295"]
[PlyCount "192"]
[EventDate "2017.02.07"]
[EventType "swiss (blitz)"]
[EventRounds "9"]
[EventCountry "USA"]
[SourceTitle "EXT 2021"]
[Source "ChessBase"]
[SourceDate "2020.10.23"]
[SourceVersion "1"]
[SourceVersionDate "2020.10.23"]
[SourceQuality "1"]

1. e4 e5 2. Nf3 d6 3. d4 exd4 4. Nxd4 Nf6 5. Nc3 Be7 6. Bc4 0-0 7. Be3 Re8 8. f3 Bf8 9. 0-0 c6 10. Bb3 d5 11. Bg5 c5 12. Nf5 Bxf5 13. exf5 d4 14. Nd5 Nbd7 15. Ba4 Be7 16. Nxe7+ Qxe7 17. Bxd7 Qxd7 18. Bxf6 gxf6 19. Qd3 Re3 20. Qc4 Qxf5 21. Kh1 Rae8 22. Rad1 a6 23. a4 Re2 24. Rg1 Rxc2 25. Qb3 Ree2 26. Qxb7 h5 27. b4 cxb4 28. Rxd4 Qg6 29. Rd8+ Kh7 30. Qb8 Qg7 31. Qxb4 Rxg2 32. Qe4+ Qg6 33. Qxg6+ Rxg6 34. Rxg6 fxg6 35. Rd6 Rc3 36. Rxf6 a5 37. Kg2 Rc4 38. Rf7+ Kh6 39. Ra7 Rxa4 40. Kg3 Kg5 41. h4+ Kf5 42. Ra6 Ra3 43. Ra8 Ra1 44. Rf8+ Ke6 45. Rg8 Kf7 46. Ra8 a4 47. Ra7+ Ke6 48. Ra6+ Kf5 49. Ra5+ Kf6 50. Ra6+ Kg7 51. Ra7+ Kh6 52. Ra6 a3 53. Kg2 Kg7 54. Kg3 Kf7 55. Kf4 a2 56. Ra7+ Kf6 57. Ra6+ Kg7 58. Ra7+ Kh6 59. Ra6 Rh1 60. Rxa2 Rxh4+ 61. Kg3 Rb4 62. Ra8 Rb5 63. f4 Rb3+ 64. Kh4 Rb4 65. Kg3 Rb3+ 66. Kh4 Rf3 67. Ra4 Kg7 68. Kg5 Rg3+ 69. Kh4 Rg4+ 70. Kh3 Kf6 71. Ra6+ Kf5 72. Ra5+ Kxf4 73. Ra4+ Kg5 74. Ra5+ Kh6 75. Ra6 Rb4 76. Kg3 Rb3+ 77. Kh4 Rb5 78. Rc6 Rf5 79. Ra6 Rf4+ 80. Kg3 Rc4 81. Kh3 h4 82. Rb6 Kh5 83. Rb8 Rc3+ 84. Kg2 g5 85. Rh8+ Kg4 86. Ra8 Rc2+ 87. Kg1 h3 88. Ra3 Kh4 89. Kh1 g4 90. Ra4 Rc3 91. Rb4 Kg3 92. Rb1 Rf3 93. Rg1+ Kh4 94. Ra1 Rf4 95. Ra7 Rf1+ 96. Kh2 g3# 0-1

[Event "Titled Tuesday intern op 6th Dec 2pm"]
[Site "Chess.com INT"]
[Date "2016.12.06"]
[Round "9"]
[White "De Abreu, Roberto N"]
[Black "Song, Terry"]
[Result "1-0"]
[WhiteElo "2111"]
[BlackElo "1920"]
[PlyCount "109"]
[EventDate "2016.12.06"]
[EventType "swiss (blitz)"]
[EventRounds "9"]
[EventCountry "USA"]
[SourceTitle "EXT 2021"]
[Source "ChessBase"]
[SourceDate "2020.10.23"]
[SourceVersion "1"]
[SourceVersionDate "2020.10.23"]
[SourceQuality "1"]

1. d4 Nf6 2. c4 c5 3. d5 b5 4. cxb5 a6 5. bxa6 g6 6. Nc3 Bg7 7. e4 0-0 8. Nf3 Qa5 9. Bd2 Bxa6 10. Be2 Bxe2 11. Qxe2 Qa6 12. e5 Qxe2+ 13. Kxe2 Ng4 14. Bf4 Na6 15. a4 Rfb8 16. Nb5 Nb4 17. Rhc1 Nxd5 18. Bg3 Rc8 19. a5 d6 20. h3 Nxe5 21. Nxe5 dxe5 22. a6 f5 23. a7 f4 24. Bh4 h6 25. f3 Bf6 26. Bf2 c4 27. Ra4 c3 28. Nxc3 Nxc3+ 29. Rxc3 Rxc3 30. bxc3 Kf7 31. Rb4 e4 32. fxe4 Be5 33. Rb7 Ke6 34. Bc5 Bd6 35. Bb6 g5 36. c4 h5 37. c5 Be5 38. c6 g4 39. c7 Kd7 40. Rb8 Bxc7 41. Rxa8 Bxb6 42. Rd8+ Kxd8 43. a8Q+ Kd7 44. Qd5+ Kc8 45. Qxh5 f3+ 46. gxf3 gxf3+ 47. Kxf3 Bc7 48. Qf5+ Kd8 49. Qe6 Bd6 50. h4 Ke8 51. h5 Kf8 52. h6 Bc5 53. h7 Kg7 54. Qg8+ Kf6 55. h8Q# 1-0

[Event "Windsor NAYCC U18"]
[Site "Windsor"]
[Date "2016.08.11"]
[Round "9.13"]
[White "Song, Terry"]
[Black "Yaskolko, Alexander"]
[Result "1-0"]
[WhiteElo "2208"]
[BlackElo "1735"]
[PlyCount "63"]
[EventDate "2016.08.07"]
[EventType "swiss"]
[EventRounds "9"]
[EventCountry "CAN"]
[SourceTitle "EXT 2022"]
[Source "ChessBase"]
[SourceDate "2021.10.06"]
[SourceVersion "1"]
[SourceVersionDate "2021.10.06"]
[SourceQuality "1"]

1. e4 c5 2. Nc3 d6 3. f4 g6 4. Nf3 Bg7 5. Bc4 e6 6. 0-0 Ne7 7. d3 0-0 8. Bb3 d5 9. Qe1 a6 10. a4 b6 11. Qh4 dxe4 12. dxe4 Nec6 13. Qf2 Nd4 14. Be3 Nxb3 15. cxb3 Nc6 16. Rad1 Qc7 17. e5 Bb7 18. Nd2 Rad8 19. Nc4 Ba8 20. Nd6 f6 21. exf6 Bxf6 22. Nde4 Bg7 23. Qg3 e5 24. Rxd8 Qxd8 25. Ng5 exf4 26. Rxf4 Rxf4 27. Qxf4 Nd4 28. Qf7+ Kh8 29. Qc4 Qe7 30. Nf7+ Kg8 31. Nh6+ Kh8 32. Qg8# 1-0

[Event "Windsor NAYCC U18"]
[Site "Windsor"]
[Date "2016.08.09"]
[Round "5.7"]
[White "Chiku Ratte, Olivier Kenta"]
[Black "Song, Terry"]
[Result "1-0"]
[WhiteElo "2323"]
[BlackElo "2208"]
[PlyCount "63"]
[EventDate "2016.08.07"]
[EventType "swiss"]
[EventRounds "9"]
[EventCountry "CAN"]
[SourceTitle "EXT 2022"]
[Source "ChessBase"]
[SourceDate "2021.10.06"]
[SourceVersion "1"]
[SourceVersionDate "2021.10.06"]
[SourceQuality "1"]

1. d4 Nf6 2. c4 g6 3. Nc3 Bg7 4. e4 d6 5. f4 0-0 6. Nf3 Bg4 7. Be2 a6 8. 0-0 Bxf3 9. Bxf3 e5 10. fxe5 dxe5 11. d5 Qe7 12. Be3 Nbd7 13. Kh1 a5 14. g4 Nc5 15. g5 Ne8 16. b3 b6 17. Qe2 Nd6 18. Rab1 f5 19. gxf6 Bxf6 20. a3 Bg5 21. Bg1 Rf4 22. b4 axb4 23. axb4 Na4 24. Nxa4 Rxa4 25. Bg2 Kg7 26. Rfd1 Bh6 27. Qc2 Ra8 28. c5 Nb5 29. cxb6 cxb6 30. d6 Qb7 31. Qb2 Rxe4 32. Qc2 1-0

[Event "Windsor NAYCC U18"]
[Site "Windsor"]
[Date "2016.08.07"]
[Round "1.1"]
[White "Sheng, Joshua"]
[Black "Song, Terry"]
[Result "0-1"]
[WhiteElo "2394"]
[BlackElo "2208"]
[PlyCount "76"]
[EventDate "2016.08.07"]
[EventType "swiss"]
[EventRounds "9"]
[EventCountry "CAN"]
[SourceTitle "EXT 2022"]
[Source "ChessBase"]
[SourceDate "2021.10.06"]
[SourceVersion "1"]
[SourceVersionDate "2021.10.06"]
[SourceQuality "1"]

1. e4 c5 2. Nf3 d6 3. d4 cxd4 4. Nxd4 Nf6 5. Nc3 a6 6. Bg5 e6 7. f4 Be7 8. Qf3 h6 9. Bh4 Nbd7 10. 0-0-0 Qc7 11. Be2 g5 12. fxg5 Ne5 13. Qe3 Nfg4 14. Qd2 Rg8 15. h3 hxg5 16. Bg3 Nf6 17. Nf3 Nfd7 18. Rhf1 b5 19. Nxe5 dxe5 20. Nd5 exd5 21. Qxd5 Bf6 22. Bxb5 axb5 23. Qxa8 Be7 24. Kb1 Qb7 25. Qa5 Qa6 26. Qd2 Qc6 27. Rf3 b4 28. Rd3 f6 29. Bf2 Nf8 30. Re3 Be6 31. b3 Kf7 32. Ree1 Nd7 33. Rc1 Rc8 34. Qe2 Ra8 35. Red1 Kg7 36. Be1 Nc5 37. c3 Nxb3 38. axb3 Bxb3 0-1

[Event "Titled Tuesday intern op 2nd Aug"]
[Site "Chess.com INT"]
[Date "2016.08.02"]
[Round "7"]
[White "Aigner, Michael1111"]
[Black "Song, Terry"]
[Result "0-1"]
[WhiteElo "2021"]
[BlackElo "1920"]
[PlyCount "46"]
[EventDate "2016.08.02"]
[EventType "swiss (blitz)"]
[EventRounds "9"]
[EventCountry "USA"]
[SourceTitle "EXT 2021"]
[Source "ChessBase"]
[SourceDate "2020.10.23"]
[SourceVersion "1"]
[SourceVersionDate "2020.10.23"]
[SourceQuality "1"]

1. e4 c5 2. Nc3 Nc6 3. g3 g6 4. Bg2 Bg7 5. d3 e6 6. Be3 d6 7. f4 Nge7 8. Nf3 Nd4 9. 0-0 0-0 10. e5 Nef5 11. Bf2 d5 12. g4 Nxf3+ 13. Qxf3 Nd4 14. Bxd4 cxd4 15. Ne2 Qb6 16. b3 Bd7 17. Qf2 Rfc8 18. Rfc1 Bf8 19. Kh1 Ba3 20. Rf1 Rxc2 21. f5 exf5 22. gxf5 Bxf5 23. Bxd5 Qc5 0-1